Les films de Maurice Pialat - Statistiques

Statistiques générales
  • Ce quiz a été pris 46 fois
  • Le résultat moyen est 7 sur 11
Statistiques - réponses
Indice Film % Correct
1987, Bernanos, Palme d'or Sous le soleil de satan
91%
1991, Peinture, Dutronc Van Gogh
88%
1985, Polar, Marceau Police
79%
1983, Romance, Bonnaire A nos amours
76%
1980, Amant, Huppert Loulou
70%
1972, Couple, Jean Yanne Nous ne vieillirons pas ensemble
67%
1995, Paternité, Depardieu Le Garçu
61%
1968, Jeunesse, Prix Jean-Vigo L'enfance nue
58%
1978, Nord, Comédie Passe ton bac d'abord
52%
1974, Cancer, Nathalie Baye La gueule ouverte
42%
1971, Guerre, Sept épisodes La maison des bois
36%
Aucun quiz correspondant
Distribution des résultats
% des personnes avec chaque résultat
Percentile par nombre de réponses
Votre historique - résultats
Vous n’avez pas pris ce quiz